000 00986cam a22002891 4500
001 1291
003 BD-RjUL
005 20211208233317.0
008 131125s1944 xx 000 0 eng
035 _a(BD-RjUL)1313
035 _a(OCoLC)14725599
040 _aDLC
_cDNLM
_dOHirC
_dOClW-H
_dOCoLC
_dDLC
_dBD-RjUL
_beng
041 _aeng
060 0 _aWM 75
_bM158w 1944
082 _a131.32
_221
_bMAW 1944
100 1 _aMackintosh, James M.
_q(James Macalister),
_d1891-1966.
_93813
245 1 4 _aThe war and mental health in England /
_cJames M Mackintosh
260 _aNew York :
_bCommonwealth Fund ,
_c1944.
300 _a91 p. ;
_c22 cm.
650 0 _aMental health.
_93814
650 0 _aPublic health
_zGreat Britain.
_93815
650 0 _aWorld War, 1939-1945
_xHealth aspects
_zGreat Britain.
_93816
856 _uhttp://www.worldcat.org/title/war-and-mental-health-in-england/oclc/14725599&referer=brief_results
942 _2ddc
_cBK
999 _c1291
_d1291